000 00689cam a2200241 a 4500
020 _a0333417682
020 _a9780521252775
020 _a052127270X (pbk.)
020 _a9780521272704 (pbk.)
040 _cDLC
082 _a576 SCH 1986 C342 Or.
100 1 _aSchlegel, Hans G©ơnter,
245 1 0 _aGeneral microbiology /
250 _a6th ed.
260 _aCambridge [Cambridgeshire] ;
_aNew York :
_bCambridge University Press,
_c1986.
300 _axix, 587 p. :
_bill. ;
_c20 cm.
500 _aTranslation of: Allgemeine Mikrobiologie.
500 _aIncludes index.
650 0 _aMicrobiology.
650 2 _aMicrobiology.
700 1 _aSchmidt, Karin.
942 _cAEDBB
999 _c22525
_d22525